| 000 | 01953nam a2200277 a 4500 | ||
|---|---|---|---|
| 001 | 84219 | ||
| 003 | BD-RjUL | ||
| 005 | 20241103130011.0 | ||
| 008 | 241103s2021 bg a|||| m||| 00| 0 ben d | ||
| 035 | _a(BD-RjUL)84219 | ||
| 040 |
_aBD-RjUL _bben / eng _cBD-RjUL _dBD-RjUL |
||
| 041 | _aben | ||
| 082 |
_223 _a332.6 _bAZI 2021 |
||
| 100 |
_aআজাদ, মুহাম্মদ আবুল কালাম _92631 |
||
| 245 | 1 | 0 |
_aইসলামী ব্যাংকের মুদারাবা ও মুশারাকা পদ্ধতিতে বিনিয়োগ : _bএকটি পর্যালোচনা / _cগবেষক মুহাম্মদ আবুল কালাম আজাদ ; _6সুপারভাইজার : মুহাম্মদ রফিকুল ইসলাম, কো-সুপারভাইজার : মোহাম্মদ মাঈন উদ্দীন |
| 246 |
_aInvestment in Islamic Banks Under the Mode of Mudaraba and Musharaka : _bAn Analysis / |
||
| 260 |
_aরাজশাহী : _bইসলামিক স্টাডিজ বিভাগ, রাজশাহী বিশববিদ্যায়, _c২০২১ |
||
| 300 |
_axv, ৩৩৬ পাতা : _bচিত্র ; _c২৯ সেমি. |
||
| 502 | _aথিসিস (পিএইচ. ডি.) -- ইসলামিক স্টাডিজ বিভাগ, রাজশাহী বিশববিদ্যায়, ২০২১ | ||
| 504 | _aগ্রন্থপঞ্জি : পাতা [২৭০]-২৮৩ | ||
| 650 |
_aইসলামী ব্যাংক _vবিনিয়োগ _914064 |
||
| 650 |
_aIslamic Bank _vInvestment _914065 |
||
| 700 |
_aইসলাম, মুহাম্মদ রফিকুল, সুপারভাইজার _98034 |
||
| 700 |
_aউদ্দীন, মোহাম্মদ মাঈন, কো-সুপারভাইজার _914066 |
||
| 942 |
_2ddc _cTHE |
||
| 999 |
_c84219 _d84219 |
||